logo

Bir Sreshtho Munshi Abdur Rouf Library
Jhenaidah Cadet College

Handbook of special librarianship and information work / (Record no. 8040)

MARC details
000 -LEADER
fixed length control field 00650nam a22002412a 4500
001 - CONTROL NUMBER
JCCL Control Number 8040
003 - CONTROL NUMBER IDENTIFIER
JCCL marc code BD - JhCC
005 - DATE AND TIME OF LATEST TRANSACTION
control field 20180717090444.0
008 - FIXED-LENGTH DATA ELEMENTS--GENERAL INFORMATION
fixed length control field 500101s1955 enka 001 0 eng d
035 ## - SYSTEM CONTROL NUMBER
system control number (BD - JhCC)8040
040 ## - CATALOGING SOURCE
Original cataloging agency DLC
Transcribing agency INT
Modifying agency UKM
-- EQO
-- BD - JhCC
041 ## - LANGUAGE CODE
Language code of Book eng
050 #0 - LIBRARY OF CONGRESS CALL NUMBER
Classification number Z665
Item number .A73
082 ## - DEWEY DECIMAL CLASSIFICATION NUMBER
Classification number 026
DDC Edition number 18
Author mark and Year ASH 1955
100 1# - MAIN ENTRY--PERSONAL NAME
Personal name Ashworth, Wilfred.
245 10 - TITLE STATEMENT
Title Handbook of special librarianship and information work /
Statement of responsibility, etc Wilfred Ashworth,
260 ## - PUBLICATION, DISTRIBUTION, ETC. (IMPRINT)
Place of publication, distribution, etc London :
Name of publisher, distributor, etc Aslib,
Date of publication, distribution, etc 1955
300 ## - PHYSICAL DESCRIPTION
Pagination 387 p.
Other physical details illus.
Dimensions 23 cm
650 #0 - SUBJECT ADDED ENTRY--TOPICAL TERM
Topical term or geographic name as entry element Library science
650 #0 - SUBJECT ADDED ENTRY--TOPICAL TERM
Topical term or geographic name as entry element Special libraries
942 ## - ADDED ENTRY ELEMENTS (KOHA)
Source of classification or shelving scheme Dewey Decimal Classification
Koha item type Books
Holdings
Source of classification or shelving scheme Damaged status Not for loan Home library Current library Shelving location Total Checkouts Full call number Barcode Date last seen Copy number Koha item type
Dewey Decimal Classification     JCC Rouf Library JCC Rouf Library General Stacks   026 ASH 1955 10334 02/17/2018 C - 1 Books

JCC Library | Contacts | JCC Home

Last Update on 23 September 2017
Copyright @ 2017-2020 JCC Rouf Library
Rouf Library, Jhenidah Cadet College (JCC), Bangladesh